| 000 | 00363 a2200157 4500 | ||
|---|---|---|---|
| 001 | 74705 | ||
| 020 | _a9788508108961 | ||
| 040 | _cAnchieta - Colégio São Paulo | ||
| 100 | _aSouza, Marina de Mello e | ||
| 240 | 1 | 0 |
_aÁfrica e Brasil africano _lIng |
| 245 | 1 | 0 | _aÁfrica e Brasil africano |
| 300 | _a175 | ||
| 362 | 0 | _a2007 | |
| 650 | 4 | _aBrasil | |
| 942 | _cBK | ||
| 999 |
_c74705 _d74705 |
||